000 00470nam a22001697a 4500
005 20240822094433.0
008 240822b |||||||| |||| 00| 0 eng d
020 _a0409034754
041 _aEnglish
082 _a349 LAW
100 _lEnglish
245 _aThe Lawyer's Pocketbook
260 _aDurban:
_bButterworth Publishers (Pty) Ltd,
_c2000
300 _b348 pages;
_c25 cm.
650 _aLegal practice
_bLaw
942 _cBK
_6ALISON_BN_VRIES
999 _c2771
_d2771